Normal view MARC view

Entry Topical Term

Number of records used in: 1

001 - CONTROL NUMBER

  • control field: 29063

003 - CONTROL NUMBER IDENTIFIER

  • control field: OSt

005 - DATE AND TIME OF LATEST TRANSACTION

  • control field: 20260615094108.0

008 - FIXED-LENGTH DATA ELEMENTS

  • fixed length control field: 260615|| aca||aabn | a|a d

040 ## - CATALOGING SOURCE

  • Original cataloging agency: OSt
  • Transcribing agency: OSt

150 ## - HEADING--TOPICAL TERM

  • Topical term or geographic name entry element: English language-compostion and exercices- evaluation

670 ## - SOURCE DATA FOUND

  • Source citation: Work cat.: (OSt)24217: Overmeyer, Mark 29062, What student writing;Teaches us, 2009

Powered by Koha